Statystyki dla Najki

Kliknij tutaj aby rozwiązać quiz!

Ogólne statystyki

  • Ten quiz został rozwiązany 27 razy
  • Średni wynik to 22 z 60

Statystyki odpowiedzi

PytanieOdpowiedź% Poprawnych
Najwyższy szczyt AzjiMount Everest
100%
Najwyższy szczyt EuropyMont Blanc
83%
Największy półwysep AzjiArabski
67%
Największe jezioro AfrykiJezioro Wiktorii
67%
Najwyższy szczyt Ameryki PółnocnejMcKinley/Denali
67%
Największe jezioro AzjiMorze Kaspijskie
67%
Najwyższy szczyt Ameryki PołudniowejAconcagua
58%
Najgłębsze jezioro AzjiBajkał
58%
Największe jezioro EuropyŁadoga
58%
Największy półwysep EuropySkandynawski
58%
Największa wyspa EuropyWielka Brytania
58%
Najdłuższa rzeka Ameryki PołudniowejAmazonka
50%
Najgłębsza depresja Azjidepresja Morza Martwego
50%
Największa wyspa Ameryki PółnocnejGrenlandia
50%
Najwyższy szczyt AfrykiKibo
50%
Największa wyspa AfrykiMadagaskar
50%
Najdłuższa rzeka AfrykiNil
50%
Największy półwysep AfrykiSomalijski
50%
Najgłębsza depresja Australii i Oceaniidepresja jeziora Eyre
42%
Największe jezioro Australii i OceaniiEyre
42%
Największe jezioro Ameryki PółnocnejJezioro Górne
42%
Największy półwysep Ameryki PółnocnejLabrador
42%
Najgłębsze jezioro AfrykiTanganika
42%
Najludniejsze miasto AzjiTokio
42%
Najdłuższa rzeka EuropyWołga
42%
Najgłębsze jezioro AntarktydyWostok
42%
Największe jezioro AntarktydyWostok
42%
Największe państwo (pod względem powierzchni)
Australii i Oceanii
Australia
33%
Największa wyspa AzjiBorneo
33%
Najdłuższa rzeka AzjiJangcy
33%
Najludniejsze miasto Ameryki PółnocnejMeksyk
33%
Najludniejsze miasto Australii i OceaniiMelbourne
33%
Najdłuższa rzeka Ameryki PółnocnejMissisipi
33%
Największa wyspa Australii i OceaniiNowa Gwinea
33%
Najludniejsze miasto Ameryki PołudniowejSao Paulo
33%
Najludniejsze miasto EuropyStambuł
33%
Najgłębsze jezioro Ameryki PółnocnejWielkie Jezioro Niewolnicze
33%
Największa wyspa Ameryki PołudniowejZiemia Ognista
33%
Największe państwo (pod względem powierzchni)
Afryki
Algieria
25%
Największy półwysep AntarktydyAntarktyczny
25%
Największe państwo (pod względem powierzchni)
Ameryki Południowej
Brazylia
25%
Największe państwo (pod względem powierzchni)
Ameryki Północnej
Kanada
25%
Największe jezioro Ameryki PołudniowejMaracaibo
25%
Najwyższy szczyt AntarktydyMasyw Vinsona
25%
Największe państwo (pod względem powierzchni)
Azji
Rosja
25%
Największe państwo (pod względem powierzchni)
Europy
Rosja
25%
Najgłębsza depresja Afrykidepresja jeziora Assal
17%
Najgłębsza depresja Ameryki PółnocnejDolina Śmierci
17%
Największy półwysep Ameryki PołudniowejGuajira
17%
Najgłębsze jezioro Australii i OceaniiHauroko
17%
Najludniejsze miasto AfrykiKair
17%
Najdłuższa rzeka Australii i OceaniiMurray
17%
Najgłębsza depresja EuropyNizina Nadkaspijska
17%
Najgłębsze jezioro Ameryki PołudniowejO'Higgins/San Martin
17%
Najdłuższa rzeka AntarktydyOnyx
17%
Najwyższy szczyt Australii i OceaniiPuncak Jaya
17%
Największa wyspa AntarktydyWyspa Aleksandra
17%
Największy półwysep Australii i OceaniiZiemia Arnhem
17%
Najgłębsza depresja Ameryki PołudniowejGran Bajo de San Julian
8%
Najgłębsze jezioro EuropyHornindalsvanet
0%

Rozkład punktacji

Percentyl według liczby udzielonych odpowiedzi

Procent ludzi z każdym wynikiem

Twoja historia wyników

Nie rozwiązałeś tego quizu